Tous les noms des Films Star Wars - Statistiques

Statistiques générales
  • Ce quiz a été pris 98 fois
  • Le résultat moyen est 9 sur 12
Statistiques - réponses
Numéro Film Sortie % Correct
Numéro V Star Wars, épisode V : L'empire contre attaque 1980
88%
Numéro I Star Wars, épisode I : La menace fantôme 1999
86%
Numéro III Star Wars, épisode III : La revanche des Sith 2005
84%
Numéro II Star Wars, épisode II : L'attaque des Clones 2002
84%
Numéro IV Star Wars, épisode IV : Un nouvel espoir 1997
81%
Hors-Série Rogue One : A Star Wars story 2016
75%
Numéro VI Star Wars, épisode VI : Le retour du Jedi 1983
73%
Numéro IX Star Wars, épisode IX : L'ascension de Skywalker 2019
69%
Hors-Série Solo : A Star Wars story 2018
66%
Numéro VII Star Wars, épisode VII : Le Réveil de la Force 2015
66%
Numéro VIII Star Wars, épisode VIII : Les derniers Jedi 2017
64%
Hors-Série Star Wars: The Clone Wars 2008
29%
Aucun quiz correspondant
Distribution des résultats
% des personnes avec chaque résultat
Percentile par nombre de réponses
Votre historique - résultats
Vous n’avez pas pris ce quiz